Statistics for Caribbean Island Images #1

Click here to take the quiz!

General Stats

  • This quiz has been taken 15 times
  • The average score is 7 of 15

Answer Stats

Answer% Correct
Cuba
100%
Jamaica
100%
Trinidad
100%
Antigua
92%
St. Lucia
85%
Grenada
69%
Montserrat
54%
Bonaire
38%
Saba
23%
St. Barthelemy
23%
Hispanola
8%
Isla Margarita
8%
Grand Turk
0%
Sint Eusatius
0%
Virgin Gorda
0%

Score Distribution

Percentile by Number Answered

Percent of People with Each Score

Your Score History

You have not taken this quiz